Dazzle's new friend / (Record no. 2249)

MARC details
000 -LEADER
fixed length control field 01229cam a2200349 a 4500
005 - DATE AND TIME OF LATEST TRANSACTION
control field 20231113155756.0
020 ## - INTERNATIONAL STANDARD BOOK NUMBER
International Standard Book Number 9780545054607 (pbk.)
020 ## - INTERNATIONAL STANDARD BOOK NUMBER
International Standard Book Number 0545054605
020 ## - INTERNATIONAL STANDARD BOOK NUMBER
International Standard Book Number 9780545054607
040 ## - CATALOGING SOURCE
Original cataloging agency BTCTA
Transcribing agency BTCTA
Modifying agency OCO
-- UPZ
-- CN5O8
-- B2A
-- DLC
Language of cataloging eng
050 00 - LIBRARY OF CONGRESS CALL NUMBER
Classification number PZ7.M85354
Item number Daz 2008
082 00 - DEWEY DECIMAL CLASSIFICATION NUMBER
Classification number 823.92
Edition number 22
100 1# - MAIN ENTRY--PERSONAL NAME
Personal name Moss, Olivia
245 10 - TITLE STATEMENT
Title Dazzle's new friend /
Statement of responsibility, etc. by Olivia Moss ; illustrated by Helen Turner
250 ## - EDITION STATEMENT
Edition statement First printing, December 2008
260 ## - PUBLICATION, DISTRIBUTION, ETC.
Place of publication, distribution, etc. New York :
Name of publisher, distributor, etc. Scholastic Inc.,
Date of publication, distribution, etc. 2008
300 ## - PHYSICAL DESCRIPTION
Extent 64 pages :
Other physical details illustrations
Dimensions 19 cm
490 0# - SERIES STATEMENT
Series statement Butterfly Meadow ;
Volume/sequential designation [5]
490 0# - SERIES STATEMENT
Series statement Little apple
505 ## - FORMATTED CONTENTS NOTE
Formatted contents note K
520 ## - SUMMARY, ETC.
Summary, etc. Dazzle the butterfly and her friends are exploring the apple orchard when they spot a hedgehog in trouble and they want to help, but are afraid the hedgehog's prickly spines would tear their wings.
521 ## - TARGET AUDIENCE NOTE
Target audience note 600
Source Lexile estimate
521 ## - TARGET AUDIENCE NOTE
Target audience note K
Source Raz-Plus
650 #1 - SUBJECT ADDED ENTRY--TOPICAL TERM
Topical term or geographic name entry element Butterflies
Form subdivision Fiction.
650 #1 - SUBJECT ADDED ENTRY--TOPICAL TERM
Topical term or geographic name entry element Hedgehogs
Form subdivision Fiction.
650 #1 - SUBJECT ADDED ENTRY--TOPICAL TERM
Topical term or geographic name entry element Helpfulness
Form subdivision Fiction.
650 #1 - SUBJECT ADDED ENTRY--TOPICAL TERM
Topical term or geographic name entry element Friendship
Form subdivision Fiction.
700 1# - ADDED ENTRY--PERSONAL NAME
Personal name Turner, Helen
Dates associated with a name 1980-
Relator term illustrator
906 ## - LOCAL DATA ELEMENT F, LDF (RLIN)
a 7
b cbc
c copycat
d 2
e ncip
f 20
g y-gencatlg
942 ## - ADDED ENTRY ELEMENTS (KOHA)
Source of classification or shelving scheme Dewey Decimal Classification
Koha item type Books
Suppress in OPAC No
999 ## -
-- 2249
-- 2249
Holdings
Withdrawn status Lost status Source of classification or shelving scheme Damaged status Not for loan Collection Home library Current library Shelving location Date acquired Total Checkouts Full call number Barcode Date last seen Price effective from Koha item type
    Dewey Decimal Classification     Juvenile Fiction Footprints International School Library Network Toul Kork Campus Footprints International School Library Network Toul Kork Campus TK Primary Library Room(4th Floor), Bookcase 3&4, Shelves 17-32, Yellow Books 11/13/2023   MOS 823.92 PZ7.M85354 FISTK00210 11/13/2023 11/13/2023 Books